| 000 | 00686nam a2200241 a 4500 | ||
|---|---|---|---|
| 001 | 000028004 | ||
| 003 | DO-SdBNP | ||
| 005 | 20180402100213.0 | ||
| 007 | 000028004 | ||
| 008 | 110406s1995 dr 000 j spa d | ||
| 040 |
_aBPMSU _bspa _cBPMSU |
||
| 092 |
_aRD863.44 _bA353o |
||
| 100 | 1 | _aAlcántara Lebrón, Nixon | |
| 245 | 1 | 0 |
_aObjeto maravilloso / _cNixon Alcántara Lebrón. |
| 260 |
_aSanto Domingo : _bBúho, _c1995. |
||
| 300 |
_a51 p. ; _c22 cm. |
||
| 650 | 4 | _aCUENTOS DOMINICANOS | |
| 650 | 4 | _aLITERATURA DOMINICANA | |
| 910 | _aValidado. Control de calidad MFF | ||
| 942 |
_2ddc _cBK |
||
| 945 | _aInvetariado/ 2018 VM | ||
| 956 |
_aVMATEO _b10 _c20150712 _lBPMSU _h00151 |
||
| 999 |
_c7669 _d7669 |
||